[Event "World Team-ch01"]
[Site "Luzern"]
[Date "1985.11.21"]
[Round "5.1"]
[White "Karpov, Anatoly"]
[Black "Portisch, Lajos"]
[Result "1/2-1/2"]
[WhiteElo "2705"]
[BlackElo "2635"]
[PlyCount "62"]
[EventDate "1985.11.16"]
[EventType "team-tourn"]
[EventRounds "9"]
[EventCountry "SUI"]
[SourceTitle "MCD"]
[Source "ChessBase"]
[SourceDate "1999.07.01"]
[SourceVersion "1"]
[SourceVersionDate "1999.07.01"]
[SourceQuality "1"]
[WhiteTeam "Soviet Union"]
[BlackTeam "Hungary"]
[WhiteTeamCountry "URS"]
[BlackTeamCountry "HUN"]

1. d4 Nf6 2. Nf3 e6 3. c4 Bb4+ 4. Nc3 c5 5. g3 cxd4 6. Nxd4 O-O 7. Bg2 d5 8. Qb3 Bxc3+ 9. bxc3 dxc4 10. Qa3 Nbd7 ({RR} 10... e5 11. Nb5 Nc6 12. Be3 Bg4 13. Rd1 Qa5 14. Qxa5 Nxa5 15. Nxa7 Nc6 16. Bxc6 {½-½ (16) Vachier Lagrave,M (2719)-Kramnik,V (2784) Tromsoe 2013}) ({RR} 10... Qd7 11. Bg5 e5 12. Bxf6 gxf6 13. Nc2 Rd8 14. O-O Qc7 15. Rad1 Rxd1 16. Rxd1 Na6 17. Rd6 Be6 18. Ne3 Nc5 19. Rd1 Nd7 20. Qd6 Qb6 21. Qd2 Rb8 22. Be4 Nc5 23. Bb1 e4 24. Qd4 f5 25. Qe5 {Djukic,S (2168)-Miljkovic,J (1867) Kragujevac 2015 ½-½ (59)}) 11. Nb5 Nb6 12. O-O Bd7 13. Rd1 $146 ({RR} 13. Nd6 Bc6 14. Bxc6 bxc6 15. Rd1 Qe7 16. e4 Rfd8 17. e5 Nfd5 18. Qa5 h6 19. Rd4 f6 20. Nxc4 c5 21. Ba3 Rac8 22. Re1 Qc7 23. Rh4 g5 24. Rxh6 Nxc4 25. Qa6 Nxe5 26. Qxe6+ Kg7 27. Rxf6 Nxf6 {Ubilava,E (2515)-Tukmakov,V (2575) Kuibyshev 1986 0-1}) 13... Nfd5 14. Nd6 Qf6 15. Rd4 Bc6 16. e4 Ne7 17. Rb1 e5 18. Rd1 Rfd8 19. Be3 h6 20. Nxb7 Bxb7 21. Rxd8+ Rxd8 22. Qxa7 Nbd5 23. exd5 Bxd5 24. Rb8 Rxb8 25. Qxb8+ Kh7 26. Qb5 Bxg2 27. Kxg2 e4 28. Qxc4 Qf3+ 29. Kg1 Nf5 30. Bd4 Nh4 31. Qf1 Qh5 1/2-1/2

[Event "IBM-21 Herinnerungs Toernooi"]
[Site "Amsterdam"]
[Date "1981.05.??"]
[Round "?"]
[White "Karpov, Anatoly"]
[Black "Portisch, Lajos"]
[Result "1/2-1/2"]
[WhiteElo "2690"]
[BlackElo "2650"]
[PlyCount "96"]
[EventDate "1981.05.24"]
[EventType "tourn"]
[EventRounds "11"]
[EventCountry "NED"]
[EventCategory "13"]
[SourceTitle "MCL"]
[Source "ChessBase"]
[SourceDate "1999.07.01"]
[SourceVersion "1"]
[SourceVersionDate "1999.07.01"]
[SourceQuality "1"]

1. d4 Nf6 2. c4 e6 3. Nc3 Bb4 4. Qc2 c5 5. dxc5 O-O 6. a3 Bxc5 7. Nf3 Nc6 8. Bg5 Nd4 9. Nxd4 Bxd4 10. e3 Qa5 11. exd4 Qxg5 12. Qd2 Qxd2+ 13. Kxd2 b6 14. f3 Ba6 ({RR} 14... d6 15. Bd3 Bb7 16. b4 Nh5 17. Rhb1 Nf4 18. Bf1 Ng6 19. a4 Ne7 20. Bd3 Rfd8 21. a5 bxa5 22. b5 a6 23. bxa6 Bxa6 24. Rxa5 d5 25. c5 Bxd3 26. Rxa8 Rxa8 27. Kxd3 Nc6 28. Rb6 Rc8 29. Nb5 {Al Sayed,M (2517)-Prathamesh,S (2389) Dubai 2013 ½-½ (50)}) 15. Rc1 ({RR} 15. b4 Rac8 16. c5 Bxf1 17. Rhxf1 bxc5 18. dxc5 d6 19. cxd6 Rfd8 20. Rfc1 Rxd6+ 21. Ke2 Rdc6 22. Kd2 Rd8+ 23. Ke2 {½-½ (23) Zhu,C (2495)-Seirawan,Y (2626) Jinan 2003}) 15... Rac8 $146 ({RR} 15... Rfc8 16. b3 Rc7 17. Be2 d6 {½-½ (17) Tavadian,R (2260)-Jussupow,A (2555) Moscow 1983}) 16. b3 Rfd8 17. Be2 Kf8 18. Rhe1 d6 19. Rc2 Nd7 20. Kc1 Nf6 21. Kb2 Rd7 22. Rec1 Bb7 23. Nb5 a6 24. Nc3 Rdc7 25. Bd3 g6 26. b4 Ke7 27. Re1 Kd8 28. f4 Bc6 29. a4 Ra8 30. g3 a5 31. b5 Bb7 32. Nb1 Rac8 33. Nd2 Ke7 34. Nb3 Nd7 35. Bf1 Bd5 36. Nd2 Ba8 37. Rc3 h5 38. h4 Bb7 39. Rce3 d5 40. Rc1 dxc4 41. Rxc4 Bd5 42. Rxc7 Rxc7 43. Rc3 Rxc3 44. Kxc3 Nf6 45. Be2 Ne8 46. Nf1 Nf6 47. Nd2 Kd6 48. Bd1 Ke7 1/2-1/2

[Event "Buenos Aires Boca sim"]
[Site "Buenos Aires"]
[Date "2001.08.15"]
[Round "?"]
[White "Karpov, Anatoly"]
[Black "Rodriguez, Jorge Luis"]
[Result "1/2-1/2"]
[WhiteElo "2692"]
[BlackElo "2417"]
[PlyCount "84"]
[EventDate "2001.08.15"]
[EventType "simul"]
[EventRounds "1"]
[EventCountry "ARG"]
[SourceTitle "EXT 2002"]
[Source "ChessBase"]
[SourceDate "2001.11.25"]
[SourceVersion "1"]
[SourceVersionDate "2001.11.25"]
[SourceQuality "1"]

1. d4 Nf6 2. c4 e6 3. Nc3 Bb4 4. Qc2 O-O 5. a3 Bxc3+ 6. Qxc3 b6 7. Bg5 Bb7 8. e3 h6 9. Bh4 Re8 10. f3 d5 11. cxd5 $146 ({RR} 11. Nh3) ({RR} 11. Bd3 Nbd7 12. Ne2 c5 13. cxd5 cxd4 14. Nxd4 Nxd5 15. Bxd8 Nxc3 16. Bh4 Ne5 17. Bf1 Nd5 18. Bg3 Ng6 19. Kf2 Red8 20. Bc4 Rac8 21. Rac1 Nde7 22. Be2 e5 23. Nb3 Bd5 24. Nd2 Be6 25. Rxc8 Rxc8 {Van Wely,L (2668)-Kramnik,V (2807) Monte Carlo 2003 ½-½ (45)}) ({RR} 11. Bd3 Nbd7 12. Ne2 c5 13. cxd5 Nxd5 14. Bxd8 Nxc3 15. Bh4 Nxe2 16. Bxe2 Rec8 17. Bd3 cxd4 18. exd4 Bd5 19. O-O Bc4 20. Be4 Bxf1 21. Kxf1 Rab8 22. Bg3 f5 23. Bd3 Ra8 24. Re1 Nf8 25. d5 Rd8 {Volovich,J (1779)-Hunt,H (2413) London 2021 0-1 (43)}) ({RR} 11. Bd3 Qe7 12. Ne2 a5 13. O-O Na6 14. Rae1 c5 15. cxd5 exd5 16. Ng3 Qe6 17. Nf5 Rac8 18. Qd2 Nb8 19. dxc5 bxc5 20. Qxa5 Nc6 21. Qc3 Ne5 22. Bb1 Ba6 23. Rf2 d4 24. exd4 cxd4 25. Qd2 d3 {Sigfusson,S (2270)-Arnason,J (2540) Gardabaer 1991 1-0 (32)}) 11... Nxd5 12. Bxd8 Nxc3 13. Bxc7 Nd5 14. Bxb8 Raxb8 15. Kd2 f5 16. Bb5 Re7 17. Ne2 Rd8 18. Bc4 f4 19. Bxd5 fxe3+ 20. Kxe3 Bxd5 21. Rhd1 Bb3 22. Rd3 Bc4 23. Rd2 e5 24. d5 Rxd5 25. Rxd5 Bxd5 26. Rd1 Bb7 27. Rd8+ Kf7 28. Nc3 Bc6 29. h4 Rd7 30. Rc8 Bb7 31. Rc4 Ke7 32. h5 Kf6 33. Rg4 Kf7 34. Rg6 Ba6 35. g4 Rd3+ 36. Ke4 Rd2 37. Kxe5 Rxb2 38. Rc6 Rc2 39. Rc7+ Kg8 40. Kd4 Be2 41. Ke3 Bf1 42. a4 a5 1/2-1/2

[Event "World Team-ch01"]
[Site "Luzern"]
[Date "1985.11.17"]
[Round "1.1"]
[White "Karpov, Anatoly"]
[Black "Suba, Mihai"]
[Result "1/2-1/2"]
[WhiteElo "2705"]
[BlackElo "2465"]
[PlyCount "82"]
[EventDate "1985.11.16"]
[EventType "team-tourn"]
[EventRounds "9"]
[EventCountry "SUI"]
[SourceTitle "MCD"]
[Source "ChessBase"]
[SourceDate "1999.07.01"]
[SourceVersion "1"]
[SourceVersionDate "1999.07.01"]
[SourceQuality "1"]
[WhiteTeam "Soviet Union"]
[BlackTeam "Romania"]
[WhiteTeamCountry "URS"]
[BlackTeamCountry "ROU"]

1. d4 Nf6 2. Nf3 e6 3. c4 Bb4+ 4. Nc3 c5 5. g3 Nc6 6. Bg2 Ne4 7. Bd2 Nxd2 8. Qxd2 cxd4 9. Nxd4 Ne5 10. Nc2 Be7 11. Ne3 f5 12. O-O a6 13. Kh1 $146 ({RR} 13. f4 Nf7 14. Nc2 Qc7 15. b3 Bf6 16. Rac1 d5 17. Na4 b5 18. cxb5 axb5 19. Nd4 Qa7 20. Nc5 Nd6 21. e3 Kf7 22. Rc2 Re8 23. g4 fxg4 24. f5 exf5 25. Bxd5+ Kg6 26. Bxa8 Qxa8 27. Ne2 Ne4 {Farago,I (2520)-Hawelko,M (2450) Polanica Zdroj 1986 0-1 (57)}) ({RR} 13. Na4 O-O 14. f4 Nf7 15. c5 Rb8 16. Rac1 d5 17. cxd6 Bxd6 18. Rfd1 Qe7 19. Nc4 Bb4 20. Qe3 b5 21. Ne5 bxa4 22. Nc6 Qb7 23. Na7 Qe7 24. Nc6 Qb7 25. Na7 Qe7 26. Nc6 {½-½ (26) Wesseln,K-Kruszynski,W (2370) Delmenhorst 1987}) 13... O-O 14. f4 Nf7 15. Nc2 Qc7 16. b3 Rb8 17. Nd4 Nd6 18. a4 b6 19. e4 fxe4 20. Nxe4 Nxe4 21. Bxe4 Bb7 22. Bxb7 Qxb7+ 23. Qg2 Bf6 24. Rad1 Rfc8 25. Qxb7 Rxb7 26. Rf2 d5 27. cxd5 exd5 28. Kg2 Rc3 29. Rf3 Rbc7 30. Ne6 R7c6 31. Rxc3 Rxc3 32. Rxd5 Rxb3 33. Nc7 Ra3 34. Nxa6 Rxa4 35. Nc7 Ra2+ 36. Kh3 Rb2 37. g4 Rb3+ 38. Kg2 Rb2+ 39. Kf3 h6 40. g5 hxg5 41. fxg5 Bxg5 1/2-1/2

[Event "Trans Europa Schach Express"]
[Site "Potsdam"]
[Date "2012.10.14"]
[Round "8.7"]
[White "Karpov, Anatoly"]
[Black "Swiercz, Dariusz"]
[Result "1-0"]
[WhiteElo "2616"]
[BlackElo "2609"]
[PlyCount "127"]
[EventDate "2012.10.13"]
[EventType "team-tourn"]
[EventRounds "9"]
[EventCountry "GER"]
[SourceTitle "CBM 150 Extra"]
[Source "ChessBase"]
[SourceDate "2012.10.19"]
[SourceVersion "1"]
[SourceVersionDate "2012.10.19"]
[SourceQuality "1"]
[WhiteTeam "Russia"]
[BlackTeam "Poland"]
[WhiteTeamCountry "RUS"]
[BlackTeamCountry "POL"]

1. d4 Nf6 2. c4 e6 3. Nc3 Bb4 4. Qc2 O-O 5. a3 Bxc3+ 6. Qxc3 d6 7. Nf3 Nc6 8. g3 e5 9. d5 Ne7 10. Bg2 h6 ({RR} 10... Bf5 11. O-O Qd7 12. Nh4 Bh3 13. Qc2 h6 14. e4 Bxg2 15. Kxg2 Nh7 16. c5 f5 17. exf5 Nxf5 18. Nxf5 Rxf5 19. c6 Qf7 20. cxb7 Rf8 21. Kg1 Rb8 22. Qc6 e4 23. Be3 Qxd5 24. Qxc7 Rxb7 25. Qc2 {Dragun,K (2530)-Wojtaszek,R (2711) Warsaw 2013 ½-½ (33)}) ({RR} 10... c6 11. dxc6 bxc6 12. O-O Qc7 13. c5 Ne4 14. cxd6 Nxc3 15. dxc7 Nxe2+ 16. Kh1 Nxc1 17. Raxc1 f6 18. Rfd1 Bg4 19. h3 Be6 20. Rd6 Kf7 21. Nd2 Rac8 22. Bxc6 Nxc6 23. Rcxc6 Bxh3 24. Ne4 Ke7 25. Nc3 {Dreev,A (2606)-Aditya,M (2572) chess.com INT 2023 ½-½ (52)}) 11. O-O Bf5 12. Nd2 $146 ({RR} 12. Nh4 Bh7 13. f4 exf4 14. Rxf4 Ng6 15. Nxg6 Bxg6 16. Be3 Nh5 17. Rf2 f5 18. Raf1 Nf6 19. Bd4 Qe7 20. e3 Rf7 21. Rf4 b6 22. e4 Nh5 23. R4f2 Raf8 24. e5 dxe5 25. Bxe5 Re8 26. Bd4 Nf6 {Borsuk,K (2263)-Zavgorodniy,S (2422) Evpatoria 2007 ½-½}) 12... Qd7 13. e4 Bh3 14. b4 Nh7 15. f4 Bxg2 16. Kxg2 exf4 17. gxf4 c6 18. Bb2 f6 19. Kh1 Rac8 20. Qd4 b5 21. dxc6 Qxc6 22. Rac1 bxc4 23. Qxc4+ Qxc4 24. Rxc4 d5 25. exd5 Nxd5 26. Bd4 a6 27. f5 Ng5 28. h4 Nf7 29. Re1 Rcd8 30. Bc5 Rfe8 31. Rxe8+ Rxe8 32. Re4 Rd8 33. Nc4 Nc3 34. Re6 Rd3 35. Kg2 Nd5 36. Rxa6 Rc3 37. Ra8+ Kh7 38. Ra7 Kg8 39. Ra8+ Kh7 40. Rf8 Nf4+ 41. Kg1 Rc1+ 42. Kh2 Rxc4 43. Rxf7 Nd3 44. Rc7 Rxh4+ 45. Kg3 Rc4 46. Bd6 Re4 47. b5 Re3+ 48. Kg2 Re2+ 49. Kf3 Rb2 50. a4 Rb3 51. Ke4 Nb2 52. Ra7 h5 53. Kd5 h4 54. Bf8 Kg8 55. Bxg7 h3 56. Bxf6 h2 57. Rg7+ Kf8 58. Rh7 Nxa4 59. Ke6 Re3+ 60. Be5 Nc5+ 61. Kd5 Ne4 62. Rxh2 Ng3 63. Bxg3 Rxg3 64. Rb2 1-0

[Event "Bugojno"]
[Site "Bugojno"]
[Date "1978.03.06"]
[Round "8"]
[White "Karpov, Anatoly"]
[Black "Tal, Mihail"]
[Result "1/2-1/2"]
[WhiteElo "2725"]
[BlackElo "2625"]
[Annotator "Bulletin"]
[PlyCount "43"]
[EventDate "1978.02.27"]
[EventType "tourn"]
[EventRounds "15"]
[EventCountry "YUG"]
[EventCategory "14"]
[SourceTitle "MCL"]
[Source "ChessBase"]
[SourceDate "1999.07.01"]
[SourceVersion "1"]
[SourceVersionDate "1999.07.01"]
[SourceQuality "1"]

1. d4 Nf6 2. c4 e6 3. Nc3 Bb4 4. e3 O-O 5. Bd3 d5 6. Nge2 c5 7. cxd5 cxd4 8. exd4 Nxd5 9. O-O Nc6 10. a3 Bd6 (10... Be7 11. Qc2 h6 12. Rd1 Nxc3 13. bxc3 b6 14. Ng3 Bb7 15. Qe2 Na5 $10 {Steiner-Evans, USA 1952}) 11. Ne4 Be7 12. Qc2 Bd7 $146 ({RR} 12... e5 13. N4g3 Nf6 14. dxe5 Nxe5 15. Bf5 g6 16. Bf4 Nc6 17. Rfd1 Qb6 18. Be3 Qa5 19. Bd3 Ng4 20. Bd2 Qb6 21. Be1 Be6 22. Bc4 Qc5 {½-½ (22) Portisch,L (2539)-Hansen,S (2595) Copenhagen 2010}) ({RR} 12... Qb6 13. Rd1 h6 14. b4 f5 15. Nd2 Nxd4 16. Nxd4 Qxd4 17. Bb2 Qg4 18. Nf3 Bf6 19. Bxf6 Rxf6 20. Ne5 Qg5 21. Be2 Ne3 22. fxe3 Qxe3+ 23. Kh1 Qxe5 24. Rd8+ Rf8 25. Rad1 b6 26. Rxf8+ Kxf8 27. Rd8+ {Seresin,F (2337)-Csontos,A (2111) Bozen ITA 2024 ½-½ (32)}) 13. Nc5 h6 14. b4 (14. Nxb7 Qb6 $6 (14... Nxd4) (14... Qc7) 15. Nc5 Nxd4 16. Nxd7 $14) 14... Bf6 15. Bb2 Qc7 16. Rac1 Bg5 17. Rcd1 Rac8 18. Qb3 Nce7 19. b5 Rfd8 20. a4 Be8 21. g3 b6 22. Ne4 {[%emt 0:00:23] 22..Notation fehlt. de1} 1/2-1/2

[Event "Chess Champions League"]
[Site "Vitoria Gasteiz"]
[Date "2007.11.02"]
[Round "1"]
[White "Karpov, Anatoly"]
[Black "Topalov, Veselin"]
[Result "0-1"]
[WhiteElo "2670"]
[BlackElo "2769"]
[PlyCount "96"]
[EventDate "2007.11.02"]
[EventType "tourn"]
[EventRounds "10"]
[EventCountry "ESP"]
[EventCategory "19"]
[SourceTitle "CBM 121"]
[Source "ChessBase"]
[SourceDate "2007.11.14"]
[SourceVersion "1"]
[SourceVersionDate "2007.11.14"]
[SourceQuality "1"]

1. d4 Nf6 2. c4 e6 3. Nc3 Bb4 4. Qc2 d5 5. a3 Bxc3+ 6. Qxc3 dxc4 7. Qxc4 b6 8. Nf3 O-O 9. Bg5 Ba6 10. Qc2 c5 11. dxc5 bxc5 12. Rd1 Qa5+ 13. Bd2 Qb6 14. Bc3 Nbd7 $146 ({RR} 14... Nc6 15. e3 Bxf1 16. Kxf1 Ne7 17. h3 Nfd5 18. Kg1 Nxc3 19. Qxc3 Rab8 20. Rd2 Nd5 21. Qc2 Qc7 22. e4 Nb6 23. g3 Rfc8 24. Kh2 h6 25. Rhd1 c4 26. Nd4 Qe5 27. Ne2 c3 28. bxc3 Nc4 29. Rd4 {Siegmund,R (2087)-Volke,K (2478) Radebeul 2016 0-1 (37)}) ({RR} 14... Nd5 15. Ng5 f5 16. e4 Nxc3 17. bxc3 Bxf1 18. Kxf1 h6 19. Nf3 Qa6+ 20. Kg1 Qxa3 21. h3 c4 22. exf5 exf5 23. Qe2 Qc5 24. Qe6+ Kh7 25. h4 Qc8 26. Ng5+ Kh8 27. Qg6 hxg5 28. hxg5+ Kg8 29. Rh7 {Kociscak,J (2466)-Blahynka,M (2417) Czech Republic 2016 1-0}) 15. e4 Bxf1 16. Kxf1 Qb7 17. Re1 Ne8 18. h4 Nd6 19. Rh3 Nb5 20. Rg3 f6 21. e5 f5 22. Ng5 Rfe8 23. Qe2 Nf8 24. h5 h6 25. Nh3 Nc7 26. Qc4 Nd5 27. Bd2 Kh7 28. b3 Qf7 29. Qe2 Rab8 30. Rc1 Nd7 31. a4 Rb7 32. Nf4 Nxf4 33. Bxf4 Reb8 34. Rcc3 Rb4 35. Bd2 Rh4 36. Kg1 Rbb4 37. f4 Re4 38. Qf3 Rxh5 39. Re3 Rd4 40. Rd3 Rxd3 41. Qxd3 Nb6 42. Qd6 Nd5 43. Rd3 Nb4 44. Bxb4 cxb4 45. Qxb4 Rh4 46. Rh3 Rg4 47. Qd2 a5 48. Qf2 Qc7 0-1

[Event "Hoogovens"]
[Site "Wijk aan Zee"]
[Date "1998.01.22"]
[Round "6"]
[White "Karpov, Anatoly"]
[Black "Van Wely, Loek"]
[Result "1/2-1/2"]
[WhiteElo "2735"]
[BlackElo "2605"]
[Annotator "Khalifman,Alexander"]
[PlyCount "57"]
[EventDate "1998.01.16"]
[EventType "tourn"]
[EventRounds "13"]
[EventCountry "NED"]
[EventCategory "17"]
[SourceTitle "CBM 063"]
[Source "ChessBase"]
[SourceDate "1998.03.26"]
[SourceVersion "1"]
[SourceVersionDate "1998.03.26"]
[SourceQuality "1"]

1. Nf3 {Meistens spielt Karpov heute d4.} Nf6 2. c4 e6 3. d4 c5 4. e3 {(!?) Auf Van Wely Benoni hatte Karpov keine Lust. Er möchte lieber eine klassische Stellung spielen, in der er sich mehr ausrechnet.} d5 5. Nc3 cxd4 6. exd4 Bb4 7. Bd3 dxc4 8. Bxc4 O-O 9. O-O b6 10. Bg5 Bb7 11. Qe2 Bxc3 12. bxc3 Nbd7 13. Bd3 Qc7 14. c4 Ng4 {Diese Stellung kennt Karpov gut und hat sie mit den schwarzen Steinen schon mehrfach auf dem Brett gehabt.} 15. Be4 (15. g3 Rfe8 16. Bf4 e5 17. Ng5 Ngf6 18. dxe5 Nxe5 19. Rae1 Qc6 20. f3 Nxd3 21. Qxd3 h6 22. Nh3 Ba6 23. Rxe8+ Rxe8 24. Rc1 Rc8 {Polgar,J-Karpov,A/Monaco blind 1995/EXP 46/½-½ (54)}) 15... Bxe4 16. Qxe4 Ngf6 17. Qe2 (17. Qd3 h6 18. Bxf6 Nxf6 19. a4 Rac8 20. Rfc1 Rfd8 21. h3 e5 22. Nxe5 Qxe5 23. dxe5 Rxd3 24. exf6 Rd4 25. a5 gxf6 26. axb6 axb6 27. Rab1 Rdxc4 28. Rxc4 Rxc4 29. Rxb6 {[%emt 0:00:02] ½-½ Petrosian,T-Karpov,A/Milano 1975/MCL}) 17... Rac8 18. Rac1 Rfe8 (18... Qb7 19. Qb2 Qa6 20. Qb3 Rc6 21. Rc2 Rfc8 22. Rfc1 h6 23. Bf4 Qa5 24. Bd2 Qf5 25. d5 Nc5 26. Qe3 Rd6 27. Nd4 Qd3 28. Nc6 Rd7 29. Ne5 Qxe3 30. Bxe3 Rb7 {½-½ Beliavsky,A-Karpov,A/URS-chT 1975/MCD-ch (69)}) 19. Rfe1 h6 $146 (19... Qc6 20. Qe3 Qa4 21. Qb3 Qa6 {1-0 Irzhanov,R-Barus,C/Asia-chT 1995/EXP 50 (63)}) ({RR} 19... Qc6 20. Qe3 Qa4 21. Qb3 Qa6 22. a4 h6 23. Bf4 Qb7 24. h3 Rc6 25. Nd2 Rcc8 26. Qb5 Red8 27. Nf3 Nf8 28. Be5 Ng6 29. Bxf6 gxf6 30. Qh5 Kh7 31. g3 Rg8 32. d5 Rc5 33. Nd4 Qd7 34. Nb3 {Irzhanov,R (2536)-Barus,C (2465) Singapore 1995 1-0 (64)}) 20. Bd2 Qc6 21. Qd3 a6 22. h3 b5 {Ganz logisch gespielt, einfaches Schach.} 23. cxb5 Qxb5 24. Qxb5 axb5 25. Rb1 Rc2 26. Rxb5 Ra8 27. Ra1 Raxa2 28. Rxa2 Rxa2 29. Rb7 1/2-1/2